000 00252nam a2200109Ia 4500
008 190216s9999||||xx |||||||||||||| ||und||
100 _aVellayani Arjunan
245 0 _aUdyanavirunnu
260 _bNbs Kottayam
650 _aEssay Malayalam
942 _cBK
999 _c24717
_d24717